000 00521nam a2200169Ia 4500
005 20240604000324.0
008 240331s9999 xx 000 0 und d
020 _a0644295953
082 _bNAT
_a362
100 _aNational Committee on violence against women. ed
245 0 _aNational Committee on violence against women :
_bPosition paper
250 _aSecond Edition
260 _aCanberra
_bAustralian Government Publishing Service
_c1994
300 _aiii,22 p.,
650 _aViolence against Women
942 _cL
999 _c2895
_d2895